Handbook on management of non-profit organizations / (Record no. 154222)

MARC details
000 -LEADER
fixed length control field 00534nam a22001937a 4500
003 - CONTROL NUMBER IDENTIFIER
control field dpl
005 - DATE AND TIME OF LATEST TRANSACTION
control field 20181020141915.0
008 - FIXED-LENGTH DATA ELEMENTS--GENERAL INFORMATION
fixed length control field 181020b ||||| |||| 00| 0 eng d
010 ## - LIBRARY OF CONGRESS CONTROL NUMBER
LC control number B-133017
020 ## - INTERNATIONAL STANDARD BOOK NUMBER
International Standard Book Number 1403922497
Terms of availability 185.00
035 ## - SYSTEM CONTROL NUMBER
System control number B-133017
040 ## - CATALOGING SOURCE
Original cataloging agency DPL
Language of cataloging EN
Transcribing agency 0
082 ## - DEWEY DECIMAL CLASSIFICATION NUMBER
Classification number 658.5
Item number EAS
100 ## - MAIN ENTRY--PERSONAL NAME
Personal name John, Easo
245 ## - TITLE STATEMENT
Title Handbook on management of non-profit organizations /
Statement of responsibility, etc by Easo John
260 ## - PUBLICATION, DISTRIBUTION, ETC. (IMPRINT)
Place of publication, distribution, etc Delhi
Name of publisher, distributor, etc Macmillan
Date of publication, distribution, etc 2004
300 ## - PHYSICAL DESCRIPTION
Extent xiv, 228p.
Dimensions 23cm.
942 ## - ADDED ENTRY ELEMENTS (KOHA)
Source of classification or shelving scheme Dewey Decimal Classification
Koha item type English Books
Classification part 658.5
Call number suffix EAS
Holdings
Withdrawn status Lost status Source of classification or shelving scheme Damaged status Not for loan Collection code Home library Current library Date acquired Source of acquisition Cost, normal purchase price Total Checkouts Full call number Barcode Date last seen Cost, replacement price Price effective from Koha item type Date checked out
    Dewey Decimal Classification     Non-fiction Patel Nagar Patel Nagar 17/07/2018 BPPD/PUB 185.00   658.5 EAS B-133014 17/07/2018 185.00 17/07/2018 English Books  
    Dewey Decimal Classification     Non-fiction Sarojini Nagar Sarojini Nagar 09/05/2019       658.5 EAS B-133015 09/05/2019   09/05/2019 English Books  
    Dewey Decimal Classification     Non-fiction Shahdara Branch Shahdara Branch 20/10/2018 BPPD/PUB 185.00 2 658.5 EAS B-133017 22/01/2020 185.00 20/10/2018 English Books 31/08/2019

© Delhi Public Library
Hit Counter
free hit counter